Landen per taal in 90 seconden - Statistieken

Algemene statistieken
  • Deze quiz is 1.589 keer genomen
  • De gemiddelde score is 150 van 196
Antwoorden op de kaart
Antwoorden kleurgecodeerd door een groen-rode schaal op de quizkaart volgens % correct hieronder.
 
Antwoordstatistieken
Talen Country % Correct
Engels Antigua and Barbuda
99%
Engels Australië
99%
Engels Bahama's
99%
Bajan, Engels Barbados
99%
Duits, Frans, Nederlands België
99%
Engels Belize
99%
Engels, Tswana Botswana
99%
Engels, Maleis Brunei
99%
Engels, Frans, Kirundi Burundi
99%
Engels, Frans Canada
99%
Engels Dominica
99%
Arabisch, Engels, Tigrinya Eritrea
99%
Engels, Swazi eSwatini
99%
Engels, Fijisch, Hindoestani (Fiji-Hindi) Fiji
99%
Engels, Filipijns Filipijnen
99%
Engels Gambia
99%
Engels Ghana
99%
Engels Grenada
99%
Engels Guyana
99%
Engels, Iers Ierland
99%
Engels, Hindi en 23 andere India
99%
Engels, Jamaicaans-Patois Jamaica
99%
Engels, Frans Kameroen
99%
Engels, Swahili Kenia
99%
Engels, Kiribatisch Kiribati
99%
Engels, Zuid-Sotho Lesotho
99%
Engels Liberia
99%
Engels, Nyanja (Chewa of Chichewa) Malawi
99%
Engels, Maltees Malta
99%
Engels, Marshallees Marshalleilanden
99%
Engels, Frans, Mauritiaans Creools Mauritius
99%
Engels Micronesië
99%
Engels Namibië
99%
Engels, Nauruaans Nauru
99%
Engels, Maori, Nieuw-Zeelandse Gebarentaal Nieuw-Zeeland
99%
Engels Nigeria
99%
Engels, Luganda, Swahili Oeganda
99%
Engels, Pasjtoe, Punjabi, Sindhi, Urdu Pakistan
99%
Engels, Palaus Palau
99%
Engels, Hiri Motu, Tok Pisin Papoea-Nieuw-Guinea
99%
Engels, Frans Kinyarwanda Rwanda
99%
Engels Saint Kitts en Nevis
99%
Engels Saint Lucia
99%
Engels Saint Vincent en de Grenadinen
99%
Engels Salomonseilanden
99%
Engels, Samoaans Samoa
99%
Engels, Frans, Seychellencreools Seychellen
99%
Engels, Krio Sierra Leone
99%
Chinees (Mandarijn), Engels, Maleis, Tamil Singapore
99%
Arabisch, Engels Soedan
99%
Engels, Swahili Tanzania
99%
Engels, Tongaans Tonga
99%
Engels Trinidad en Tobago
99%
Engels, Tuvaluaans Tuvalu
99%
Bislama, Engels, Frans Vanuatu
99%
Engels Verenigde Staten
99%
Engels Verenigd Koninkrijk
99%
Engels Zambia
99%
Engels, Khoisan, Noord-Ndebele, Tswana, Venda, Xhosa, Zuid-Sotho en 9 andere Zimbabwe
99%
Afrikaans, English, Ndebele, Noord-Sotho, Swazi, Tsonga, Tswana, Venda, Xhosa, Zoeloe, Zuid-Sotho Zuid-Afrika
99%
Engels Zuid-Soedan
99%
Arabisch, Comorees, Frans Comoren
97%
Arabisch, Frans Djibouti
97%
Frans, Portugees, Spaans Equatoriaal-Guinea
97%
Duits, Frans, Luxemburgs Luxemburg
97%
Arabisch, Frans Tsjaad
97%
Duits, Frans, Italiaans, Reto-Romaans Zwitserland
97%
Spaans Argentinië
96%
Frans Benin
96%
Aymara, Guarani, Quechua, Spaans en 33 andere Bolivia
96%
Frans Burkina Faso
96%
Frans, Sango Centraal-Afrikaanse Republiek
96%
Spaans Chili
96%
Spaans Colombia
96%
Frans Congo-Brazzaville
96%
Frans Congo-Kinshasa
96%
Spaans Costa Rica
96%
Spaans Cuba
96%
Spaans Dominicaanse Republiek
96%
Spaans Ecuador
96%
Spaans El Salvador
96%
Frans Frankrijk
96%
Frans Gabon
96%
Spaans Guatemala
96%
Frans Guinee
96%
Frans, Haïtiaans-Creools (Kreyòl) Haïti
96%
Spaans Honduras
96%
Frans Ivoorkust
96%
Frans, Merina (Malagassisch) Madagaskar
96%
Spaans Mexico
96%
Frans Monaco
96%
Spaans Nicaragua
96%
Frans Niger
96%
Spaans Panama
96%
Guaraní, Spaans Paraguay
96%
Aymara, Quechua, Spaans Peru
96%
Frans Senegal
96%
Spaans Spanje
96%
Frans Togo
96%
Spaans Uruguay
96%
Spaans Venezuela
96%
Chinees (Mandarijn) China
95%
Chinees (Mandarijn) Taiwan
95%
Duits Duitsland
94%
Duits Liechtenstein
94%
Nederlands Nederland
94%
Duits Oostenrijk
94%
Nederlands Suriname
94%
Portugees Angola
92%
Portugees Brazilië
92%
Portugees Guinee-Bissau
92%
Portugees Kaapverdië
92%
Portugees Mozambique
92%
Portugees, Tetun Oost-Timor
92%
Portugees Portugal
92%
Portugees São Tomé en Príncipe
92%
Russisch, Wit-Russisch Belarus
91%
Kazachs, Russisch Kazachstan
91%
Kirgizisch, Russisch Kirgizië
91%
Russisch en 28 andere Rusland
91%
Tadzjieks, Russisch Tadzjikistan
91%
Fins, Zweeds Finland
89%
Zweeds Zweden
87%
Arabisch, Berbers Algerije
85%
Arabisch Bahrein
85%
Arabisch Egypte
85%
Arabisch, Koerdisch Irak
85%
Arabisch Jemen
85%
Arabisch Jordanië
85%
Arabisch Koeweit
85%
Arabisch Libanon
85%
Arabisch Libië
85%
Arabisch, Berbers Marokko
85%
Arabisch Mauritanië
85%
Arabisch Oman
85%
Arabisch Qatar
85%
Arabisch Saoedi-Arabië
85%
Arabisch, Somalisch Somalië
85%
Arabisch Syrië
85%
Arabisch Tunesië
85%
Arabisch Verenigde Arabische Emiraten
85%
Noors, Kveens, Samisch Noorwegen
83%
Italiaans Italië
80%
Italiaans San Marino
80%
Italiaans Vaticaanstad
80%
Grieks, Turks Cyprus
77%
Pools Polen
75%
Deens Denemarken
74%
Japans Japan
70%
Turks Turkije
70%
Koreaans Noord-Korea
52%
Koreaans Zuid-Korea
52%
Grieks Griekenland
51%
Thai Thailand
45%
IJslands IJsland
42%
Indonesisch Indonesië
42%
Lets Letland
37%
Mongools Mongolië
37%
Roemeens (Moldavisch) Moldavië
36%
Roemeens Roemenië
36%
Estisch Estland
35%
Servo-Kroatisch (Bosnisch, Kroatisch, Servisch) Bosnië en Herzegovina
33%
Albanees, Servo-Kroatisch (Servisch) Kosovo
29%
Litouws Litouwen
29%
Oekraïens Oekraïne
27%
Vietnamees Vietnam
27%
Tsjechisch Tsjechië
24%
Servo-Kroatisch (Servisch) Servië
23%
Bulgaars Bulgarije
22%
Hongaars Hongarije
22%
Kroatisch Kroatië
22%
Pasjtoe, Perzisch (Dari) Afghanistan
19%
Perzisch Iran
18%
Sloveens Slovenië
18%
Slowaaks Slowakije
17%
Maleis Maleisië
16%
Albanees, Macedonisch Noord-Macedonië
14%
Albanees Albanië
13%
Nepalees Nepal
12%
Hebreeuws Israël
11%
Armeens Armenië
7%
Bengaals Bangladesh
6%
Afar, Afaan Omoro, Amhaars, Somalisch, Tigrinya Ethiopië
5%
Georgisch Georgië
5%
Khmer Cambodja
2%
Oezbeeks Oezbekistan
2%
Singalees, Tamil Sri Lanka
2%
Azerbeidzjaans Azerbeidzjan
1%
Laotiaans Laos
1%
Montenegrijns Montenegro
1%
Birmaans Myanmar
1%
Turkmeens Turkmenistan
1%
Catalaans Andorra
0%
Dzongkha Bhutan
0%
Divehi Malediven
0%
Bambara en 12 andere Mali
0%
Geen overeenkomende quizzen gevonden
Scoreverdeling
Procent van Mensen met Elke Score
Percentiel versus Aantal Correcte Antwoorden
Uw Scoregeschiedenis
U heeft deze quiz nog niet genomen